Word Ladder: Dog Commands Quiz Stats

 Plays Quiz Updated Nov 21, 2016

Challenge
Share
Tweet
Embed
Score 0/46 Timer 05:00
0 Plays Today
Clue Word % Correct
Couldn't ____ lessCARE
96.5%
Back of the foot, or a dog command•HEEL•
95.5%
Devil's domainHELL
95.3%
Bunny cousinHARE
94.8%
Group of cattleHERD
93.7%
In this place, or a dog command with [rung 1]•HERE•
92.3%
Talk to GodPRAY
92.3%
'Don't go!,' or a dog command•STAY•
91.3%
Where the reaction takes place in a nuclear reactorCORE
89.4%
Catholic serviceMASS
89.4%
Lifeless, or a dog command with [rung 31]•DEAD•
89.3%
MoundHILL
88.4%
Document for land ownershipDEED
88.2%
Stage production, or a dog command with [rung 37]•PLAY•
88.1%
Paint the ____ redTOWN
87.7%
Admittance over a bridgeTOLL
87.5%
Advance, or a dog command with [rung 5]•COME•
87.5%
Little onesKIDS
87.2%
Actions at auctionsBIDS
86.7%
Provide a mealFEED
86.5%
Listen toHEED
86.5%
Gene Simmons' band, or a dog command•KISS•
86.3%
Show off your musclesFLEX
86.2%
Clue Word % Correct
They give women supportBRAS
85.3%
Donkey utteranceBRAY
84.9%
Duck feathers, or a dog command•DOWN•
84.5%
Dinner bread, or a dog command with [rung 46]•ROLL•
84.5%
Put to deathSLAY
84.4%
Made off like a fugitiveFLED
83%
Scottish missLASS
82.8%
One of the Baldwin brothersALEC
82.5%
Tenn. neighborMISS.
82.4%
'I'll take Potent Potables for $200, ____'ALEX
82.4%
Bugs, Mickey or Scooby e.g.TOON
82.3%
Good place to play croquetLAWN
80.9%
PrejudiceBIAS
80.8%
What Aurora meansDAWN
77.1%
Martin of the Rat PackDEAN
76.8%
StatutesLAWS
76.7%
Type of beltTOOL
76%
RivuletRILL
75.3%
Eminem's (fictional) biggest fanSTAN
74.6%
John and Yoko's sonSEAN
72.8%
'Voulez-vous coucher ____ moi'AVEC
69.9%
Finished, or a dog command with [rung 12]•OVER•
67.3%
Declare with confidenceAVER
58.3%

Today's Daily Dose

Missing Word
Orlando Bloom

Quick Pick
November Things

On This Day
November 15th II

You're not logged in!

Compare scores with friends on all Sporcle quizzes.
Join for Free
OR
Log In

You Might Also Like...

Show Comments

Extras

Top Quizzes Today


Score Distribution

Your Account Isn't Verified!

In order to create a playlist on Sporcle, you need to verify the email address you used during registration. Go to your Sporcle Settings to finish the process.

Report this User

Report this user for behavior that violates our Community Guidelines.

Details: